Pratigya (Record no. 8420)
[ view plain ]
| 000 -LEADER | |
|---|---|
| fixed length control field | 00471cam a2200193ua 4500 |
| 001 - CONTROL NUMBER | |
| control field | 9369 |
| 005 - DATE AND TIME OF LATEST TRANSACTION | |
| control field | 20260515114446.0 |
| 008 - FIXED-LENGTH DATA ELEMENTS--GENERAL INFORMATION | |
| fixed length control field | 150813n ii |||gr||||Z||||||asm |
| 040 ## - CATALOGING SOURCE | |
| Transcribing agency | MAIN |
| 041 ## - LANGUAGE CODE | |
| Language code of text/sound track or separate title | asm |
| 082 ## - DEWEY DECIMAL CLASSIFICATION NUMBER | |
| Classification number | 891.433N |
| 100 ## - MAIN ENTRY--PERSONAL NAME | |
| Personal name | Premchand, |
| Relator term | Author. |
| 245 1# - TITLE STATEMENT | |
| Title | Pratigya |
| Statement of responsibility, etc. | by Premchand |
| 260 ## - PUBLICATION, DISTRIBUTION, ETC. | |
| Place of publication, distribution, etc. | [s.l: |
| Name of publisher, distributor, etc. | s.n.] |
| Date of publication, distribution, etc. | 1962. |
| 300 ## - PHYSICAL DESCRIPTION | |
| Extent | 190p. |
| 653 ## - INDEX TERM--UNCONTROLLED | |
| Uncontrolled term | East Indo-European & Celtic literatures |
| 700 ## - ADDED ENTRY--PERSONAL NAME | |
| Personal name | Phukan, Nirupoma, |
| Relator term | Translator. |
| 942 ## - ADDED ENTRY ELEMENTS (KOHA) | |
| Koha item type | Books |
| Withdrawn status | Lost status | Damaged status | Not for loan | Home library | Current library | Shelving location | Date acquired | Total checkouts | Full call number | Barcode | Date last seen | Copy number | Price effective from | Koha item type |
|---|---|---|---|---|---|---|---|---|---|---|---|---|---|---|
| Naharkatiya College Library | Naharkatiya College Library | General stacks | 09/19/2020 | 891.433N | PRE | 8506 | 09/19/2020 | 1 | 09/19/2020 | Books |